[Event "GER-ch54 V03 email"]
[Site "GER email"]
[Date "2022.05.01"]
[Round "?"]
[White "Ensenbach, Marc"]
[Black "Solf, Frank"]
[Result "1/2-1/2"]
[WhiteElo "2155"]
[BlackElo "2138"]
[PlyCount "61"]
[EventDate "2022.05.01"]
[EventType "tourn (corr)"]
[EventRounds "10"]
[EventCountry "GER"]
[SourceTitle "Corr 2024"]
[Source "ChessBase"]
[SourceDate "2023.10.19"]
[SourceVersion "1"]
[SourceVersionDate "2023.10.19"]
[SourceQuality "1"]

1. e4 c5 2. Nf3 d6 3. d4 cxd4 4. Nxd4 Nf6 5. Nc3 a6 6. Be3 e5 7. Nb3 Be6 8. f3 h5 9. Nd5 Bxd5 10. exd5 Nbd7 11. Qd2 g6 12. 0-0-0 Nb6 13. Kb1 Nbxd5 14. Bg5 Be7 15. c4 Nb6 16. Na5 0-0 17. h4 d5 18. g4 dxc4 19. Qe1 Qc7 20. Rc1 e4 21. Nxc4 Na4 22. Nd2 Qe5 23. Nc4 Qc7 24. gxh5 Nxh5 25. f4 Rac8 26. f5 Bxg5 27. hxg5 b5 28. fxg6 fxg6 29. Bh3 bxc4 30. Bxc8 Qb6 31. b3 1/2-1/2

[Event "GER-ch53 V10 email"]
[Site "GER email"]
[Date "2021.04.21"]
[Round "?"]
[White "Egner, Michael"]
[Black "Solf, Frank"]
[Result "1/2-1/2"]
[WhiteElo "2110"]
[BlackElo "2137"]
[PlyCount "76"]
[EventDate "2021.04.21"]
[EventType "tourn (corr)"]
[EventRounds "10"]
[EventCountry "GER"]
[SourceTitle "Corr 2024"]
[Source "ChessBase"]
[SourceDate "2023.10.19"]
[SourceVersion "1"]
[SourceVersionDate "2023.10.19"]
[SourceQuality "1"]

1. e4 c5 2. Nf3 d6 3. d4 cxd4 4. Nxd4 Nf6 5. Nc3 a6 6. g3 e5 7. Nde2 Be7 8. Bg2 0-0 9. 0-0 b5 10. Nd5 Nbd7 11. Nec3 Nxd5 12. Nxd5 Nf6 13. Nxe7+ Qxe7 14. a4 Bd7 15. axb5 axb5 16. Bg5 h6 17. Bxf6 Qxf6 18. Qd5 Rac8 19. Rfc1 Rfd8 20. Qd2 Qg5 21. Qe1 Be6 22. Ra5 Rb8 23. h4 Qe7 24. Bf1 b4 25. Rca1 Rdc8 26. Qd2 Qc7 27. Bd3 Bc4 28. Ra7 Qc5 29. Qd1 Bxd3 30. cxd3 Qc2 31. Qxc2 Rxc2 32. Rd7 Rxb2 33. Raa7 Rf8 34. Rxd6 b3 35. Rb7 Rd2 36. h5 b2 37. Rdb6 Rd8 38. Rxb2 Rxb2 1/2-1/2

[Event "GER-ch53 V10 email"]
[Site "GER email"]
[Date "2021.04.21"]
[Round "?"]
[White "Ochs, Manfred"]
[Black "Solf, Frank"]
[Result "1/2-1/2"]
[WhiteElo "2177"]
[BlackElo "2137"]
[PlyCount "55"]
[EventDate "2021.04.21"]
[EventType "tourn (corr)"]
[EventRounds "10"]
[EventCountry "GER"]
[SourceTitle "Corr 2024"]
[Source "ChessBase"]
[SourceDate "2023.10.19"]
[SourceVersion "1"]
[SourceVersionDate "2023.10.19"]
[SourceQuality "1"]

1. e4 c5 2. Nf3 d6 3. d4 cxd4 4. Nxd4 Nf6 5. Nc3 a6 6. Bg5 e6 7. f4 Qb6 8. Qd2 Qxb2 9. Rb1 Qa3 10. e5 h6 11. Bh4 dxe5 12. fxe5 g5 13. exf6 gxh4 14. Be2 Qa5 15. 0-0 Nd7 16. Kh1 Qg5 17. Rf4 e5 18. Nd5 exd4 19. Qxd4 Kd8 20. Ne7 Qe5 21. Qd2 Bxe7 22. fxe7+ Qxe7 23. Bg4 f5 24. Rxf5 Re8 25. Rd1 Kc7 26. Rf7 Qxf7 27. Qd6+ Kd8 28. Qb6+ 1/2-1/2

[Event "GER CM05-C email"]
[Site "GER email"]
[Date "2018.06.19"]
[Round "?"]
[White "Solf, Frank"]
[Black "Elias, Holger"]
[Result "1-0"]
[WhiteElo "2357"]
[BlackElo "2331"]
[PlyCount "42"]
[EventDate "2018.??.??"]
[EventType "tourn (corr)"]
[EventRounds "10"]
[EventCountry "GER"]
[SourceTitle "Corr 2020"]
[Source "ChessBase"]
[SourceDate "2019.09.30"]
[SourceVersion "1"]
[SourceVersionDate "2019.09.30"]
[SourceQuality "1"]

1. e4 e5 2. Nf3 Nc6 3. Bb5 a6 4. Ba4 Nf6 5. Qe2 b5 6. Bb3 Bc5 7. d3 d6 8. c3 h6 9. 0-0 0-0 10. Be3 Bxe3 11. fxe3 Ne7 12. a4 Rb8 13. axb5 axb5 14. Nbd2 c5 15. Ra2 Qb6 16. Rfa1 Bb7 17. Qe1 c4 18. dxc4 bxc4 19. Bxc4 Nxe4 20. Nxe4 Bxe4 21. Nd2 Bd5 1-0

[Event "GER CM05-C email"]
[Site "GER email"]
[Date "2018.06.19"]
[Round "?"]
[White "Solf, Frank"]
[Black "Szymanski, Robert"]
[Result "1/2-1/2"]
[WhiteElo "2357"]
[BlackElo "2357"]
[PlyCount "72"]
[EventDate "2018.??.??"]
[EventType "tourn (corr)"]
[EventRounds "10"]
[EventCountry "GER"]
[SourceTitle "Corr 2020"]
[Source "ChessBase"]
[SourceDate "2019.09.30"]
[SourceVersion "1"]
[SourceVersionDate "2019.09.30"]
[SourceQuality "1"]

1. e4 c5 2. Nf3 Nc6 3. d4 cxd4 4. Nxd4 Qb6 5. Nb3 Nf6 6. Nc3 e6 7. Bd3 d6 8. Be3 Qc7 9. f4 a6 10. Qf3 b5 11. 0-0 Bb7 12. a4 b4 13. Nb1 g6 14. N1d2 Bg7 15. a5 0-0 16. Bb6 Qb8 17. Qh3 Nd7 18. Nc4 Nxb6 19. Nxb6 Bxb2 20. Rab1 Bc3 21. Kh1 Qc7 22. f5 exf5 23. exf5 Ne5 24. Nxa8 Rxa8 25. Rf2 Nxd3 26. Qxd3 Re8 27. Rbf1 Be4 28. Qxa6 gxf5 29. Qb5 Re5 30. Qa6 h6 31. Rd1 Re6 32. Qb6 Qc4 33. a6 Rg6 34. a7 Rxg2 35. Rxg2+ Bxg2+ 36. Kxg2 Qg4+ 1/2-1/2

[Event "GER CM04-C email"]
[Site "GER email"]
[Date "2017.06.26"]
[Round "?"]
[White "Claridge, John B"]
[Black "Solf, Frank"]
[Result "1/2-1/2"]
[WhiteElo "2352"]
[BlackElo "2350"]
[PlyCount "83"]
[EventDate "2017.??.??"]
[EventType "tourn (corr)"]
[EventRounds "10"]
[EventCountry "GER"]
[SourceTitle "Corr 2020"]
[Source "ChessBase"]
[SourceDate "2019.09.30"]
[SourceVersion "1"]
[SourceVersionDate "2019.09.30"]
[SourceQuality "1"]

1. e4 e5 2. Nf3 Nf6 3. Nxe5 d6 4. Nf3 Nxe4 5. d4 d5 6. Bd3 Nc6 7. 0-0 Be7 8. c4 Nb4 9. Be2 0-0 10. Nc3 Bf5 11. a3 Nxc3 12. bxc3 Nc6 13. Re1 Re8 14. cxd5 Qxd5 15. Bf4 Rac8 16. Bd3 Qd7 17. Rb1 b6 18. d5 Bxd3 19. Qxd3 Bxa3 20. Ng5 g6 21. Ne4 Qf5 22. Bxc7 Rxc7 23. Nf6+ Qxf6 24. Rxe8+ Kg7 25. dxc6 Bc5 26. Rf1 Rxc6 27. Qd8 Qxd8 28. Rxd8 Re6 29. Rd2 a5 30. Ra1 a4 31. Kf1 a3 32. Re2 Rc6 33. Ke1 b5 34. Kd1 b4 35. cxb4 Bxb4 36. Re4 Bd6 37. Ra2 Rb6 38. Kc2 Rc6+ 39. Kb3 Rb6+ 40. Kc3 Ra6 41. g3 h5 42. Kc4 1/2-1/2

[Event "GER CM04-C email"]
[Site "GER email"]
[Date "2017.06.26"]
[Round "?"]
[White "Engelen, Johan"]
[Black "Solf, Frank"]
[Result "1/2-1/2"]
[WhiteElo "2362"]
[BlackElo "2350"]
[PlyCount "31"]
[EventDate "2017.??.??"]
[EventType "tourn (corr)"]
[EventRounds "10"]
[EventCountry "GER"]
[SourceTitle "Corr 2020"]
[Source "ChessBase"]
[SourceDate "2019.09.30"]
[SourceVersion "1"]
[SourceVersionDate "2019.09.30"]
[SourceQuality "1"]

1. c4 Nf6 2. g3 e5 3. Bg2 d5 4. cxd5 Nxd5 5. Nf3 Nc6 6. 0-0 Nb6 7. Nc3 Be7 8. Rb1 a5 9. d3 0-0 10. Be3 Be6 11. Bxb6 cxb6 12. Qa4 Rc8 13. Rbc1 f5 14. Rfd1 Nd4 15. Nxd4 exd4 16. Nb1 1/2-1/2

[Event "GER CM04-C email"]
[Site "GER email"]
[Date "2017.06.26"]
[Round "?"]
[White "Solf, Frank"]
[Black "Dimitrov, Deyan"]
[Result "1/2-1/2"]
[WhiteElo "2350"]
[BlackElo "2370"]
[PlyCount "49"]
[EventDate "2017.??.??"]
[EventType "tourn (corr)"]
[EventRounds "10"]
[EventCountry "GER"]
[SourceTitle "Corr 2020"]
[Source "ChessBase"]
[SourceDate "2019.09.30"]
[SourceVersion "1"]
[SourceVersionDate "2019.09.30"]
[SourceQuality "1"]

1. e4 c5 2. Nf3 d6 3. d4 cxd4 4. Nxd4 Nf6 5. Nc3 a6 6. Bg5 e6 7. f4 Be7 8. Qf3 Qc7 9. 0-0-0 Nbd7 10. g4 h6 11. Bxf6 Bxf6 12. h4 Nb6 13. g5 Bxd4 14. Rxd4 Qc5 15. Qd1 hxg5 16. e5 gxf4 17. Bg2 Bd7 18. Ne4 Qxe5 19. Nxd6+ Kf8 20. Re1 Qf6 21. Bxb7 Rb8 22. Ne4 Qe7 23. Nd6 Qf6 24. Ne4 Qe7 25. Nd6 1/2-1/2

[Event "GER CM04-C email"]
[Site "GER email"]
[Date "2017.06.26"]
[Round "?"]
[White "Solf, Frank"]
[Black "Roques, Pascal"]
[Result "1/2-1/2"]
[WhiteElo "2350"]
[BlackElo "2371"]
[PlyCount "48"]
[EventDate "2017.??.??"]
[EventType "tourn (corr)"]
[EventRounds "10"]
[EventCountry "GER"]
[SourceTitle "Corr 2020"]
[Source "ChessBase"]
[SourceDate "2019.09.30"]
[SourceVersion "1"]
[SourceVersionDate "2019.09.30"]
[SourceQuality "1"]

1. e4 c5 2. Nf3 d6 3. d4 cxd4 4. Nxd4 Nf6 5. Nc3 a6 6. Bg5 Nbd7 7. Qe2 h6 8. Bh4 g6 9. f4 e5 10. fxe5 dxe5 11. 0-0-0 Qc7 12. Nb3 b5 13. Nd5 Nxd5 14. exd5 Bd6 15. Qd2 Kf8 16. g4 a5 17. Qe3 h5 18. h3 Nb6 19. Bxb5 a4 20. Nd4 Nxd5 21. Qe4 Bb7 22. Ne6+ fxe6 23. Qxg6 Nf4 24. Rhf1 Bd5 1/2-1/2

[Event "GER-chT11-B1 email"]
[Site "GER email"]
[Date "2015.10.15"]
[Round "?.2"]
[White "Broemme, Steffen"]
[Black "Solf, Frank"]
[Result "1/2-1/2"]
[WhiteElo "2426"]
[BlackElo "2318"]
[PlyCount "67"]
[EventDate "2015.??.??"]
[EventType "tourn (corr)"]
[EventRounds "8"]
[EventCountry "GER"]
[SourceTitle "Corr 2017"]
[Source "ChessBase"]
[SourceDate "2017.09.19"]
[SourceVersion "1"]
[SourceVersionDate "2017.09.19"]
[SourceQuality "1"]
[WhiteTeam "FSG Sparrenburg Bielefeld"]
[BlackTeam "SF Kelkheim"]

1. d4 Nf6 2. c4 e6 3. Nf3 d5 4. Nc3 Be7 5. Bf4 0-0 6. e3 Nbd7 7. c5 Nh5 8. Bd3 Nxf4 9. exf4 b6 10. b4 a5 11. a3 c6 12. 0-0 Qc7 13. g3 Ba6 14. Bxa6 Rxa6 15. Qe2 Raa8 16. Rfb1 Rfb8 17. Na4 Bf6 18. Qd1 axb4 19. axb4 bxc5 20. bxc5 g6 21. Kg2 Ra7 22. Qc2 Kg7 23. Nc3 Rxa1 24. Rxa1 Rb4 25. Ne2 Qb7 26. Ra2 Qb5 27. g4 Bd8 28. g5 Qb8 29. h4 Bc7 30. Ne1 Rb7 31. Qc1 Rb1 32. Qd2 Rb7 33. h5 gxh5 34. Ng3 1/2-1/2